Il test di frustrazione di Rosenzweig: applicazione ad alunni della scuola media
Tallennettuna:
| Päätekijä: | |
|---|---|
| Aineistotyyppi: | Kirja |
| Kieli: | italia |
| Julkaistu: |
Turín
Pontificio Ateneo Salesiano
1956
|
| Sarja: | Pubblicazioni dell'Istituto Superiore di Pedagogia, 6
|
| Aiheet: | |
| Tagit: |
Lisää tagi
Ei tageja, Lisää ensimmäinen tagi!
|
MARC
| LEADER | 00000nam a2200000 a 4500 | ||
|---|---|---|---|
| 001 | UCZ6741 | ||
| 003 | CL-VaPUC | ||
| 008 | 951215e19560000IT |||||||||||||||||ita|d | ||
| 082 | 0 | 4 | |a 152.47 |b TES |2 21 |
| 100 | 0 | |a Tessarolo, Francesco |e author |9 351235 | |
| 245 | 1 | 3 | |a Il test di frustrazione di Rosenzweig: applicazione ad alunni della scuola media |
| 300 | |a 219 p | ||
| 942 | |c BK | ||
| 945 | |d 19951215 00:00:00 |a cmena | ||
| 260 | |a Turín |b Pontificio Ateneo Salesiano |c 1956 | ||
| 650 | 7 | |a FRUSTACION |2 CL-VaPUC |9 351236 | |
| 650 | 0 | |a Emociones |9 265224 | |
| 650 | 0 | |a Tests psicológicos |9 308644 | |
| 650 | 0 | |a Psicoanálisis |9 265702 | |
| 583 | |a last modification |c 19951215 00:00:00 |k Rodrigo Vera | ||
| 490 | 0 | |a Pubblicazioni dell'Istituto Superiore di Pedagogia, 6 | |
| 999 | |c 242919 |d 242917 | ||
| 952 | |0 0 |1 0 |4 0 |6 152_470000000000000_TES_1956 |7 0 |8 P |9 256245 |a BIBEDU |b BIBEDU |c BIBEDU_PB |d 2019-11-19 |i 2904950 |o 152.47 TES 1956 |p 2904950 |r 2024-01-25 |w 2019-11-19 |y BK |k EDU | ||